Fundamentals of information systems. / (Record no. 1997)
[ view plain ]
| 000 -LEADER | |
|---|---|
| fixed length control field | 01089nam a22001937a 4500 |
| 008 - FIXED-LENGTH DATA ELEMENTS--GENERAL INFORMATION | |
| fixed length control field | 120814t xxu||||| |||| 00| 0 eng d |
| 020 ## - INTERNATIONAL STANDARD BOOK NUMBER | |
| International Standard Book Number | 0619215607 9780619215606 |
| 050 ## - LIBRARY OF CONGRESS CALL NUMBER | |
| Classification number | T58.6.S717 |
| 100 ## - MAIN ENTRY--PERSONAL NAME | |
| Personal name | Stair, Ralph M |
| 245 ## - TITLE STATEMENT | |
| Title | Fundamentals of information systems. / |
| Statement of responsibility, etc. | Ralph M Stair and George Walter Reynolds |
| 250 ## - EDITION STATEMENT | |
| Edition statement | 3rd ed. |
| 260 ## - PUBLICATION, DISTRIBUTION, ETC. | |
| Place of publication, distribution, etc. | Australia : |
| Name of publisher, distributor, etc. | Thomson, |
| Date of publication, distribution, etc. | 2006. |
| 300 ## - PHYSICAL DESCRIPTION | |
| Extent | xxvi, 414 p. : |
| Other physical details | col. ill., 1 col. map ; |
| Dimensions | 28 cm. |
| 500 ## - GENERAL NOTE | |
| General note | includes index |
| 505 ## - FORMATTED CONTENTS NOTE | |
| Formatted contents note | Contents: Introduction to Information Systems in Organizations -- Hardware and Software - Organizing data and information - Telecommunications, the internet, intranets and extranets - Electronic commerce and transaction processing systems - Information and decision support systems - Specialized information systems: artificial intelligence, expert systems, virtual reality and other systems - Systems development - Security, privacy and ethical issues in information systems and the Internet. |
| 650 ## - SUBJECT ADDED ENTRY--TOPICAL TERM | |
| Topical term or geographic name entry element | Management information systems. |
| 700 ## - ADDED ENTRY--PERSONAL NAME | |
| Personal name | Reynolds, George W. |
| 942 ## - ADDED ENTRY ELEMENTS (KOHA) | |
| Source of classification or shelving scheme | Library of Congress Classification |
| Koha item type | Books |
| Withdrawn status | Lost status | Source of classification or shelving scheme | Damaged status | Not for loan | Home library | Current library | Shelving location | Date acquired | Total Checkouts | Full call number | Barcode | Date last seen | Copy number | Price effective from | Koha item type |
|---|---|---|---|---|---|---|---|---|---|---|---|---|---|---|---|
| Library of Congress Classification | WISCONSIN INTERNATIONAL UNIVERSITY COLLEGE, GHANA - MAIN LIBRARY | WISCONSIN INTERNATIONAL UNIVERSITY COLLEGE, GHANA - MAIN LIBRARY | General Stacks | 14/08/2012 | T58.6.S717 | 5669/12 | 14/08/2012 | 1 | 14/08/2012 | Books | |||||
| Library of Congress Classification | WISCONSIN INTERNATIONAL UNIVERSITY COLLEGE, GHANA - MAIN LIBRARY | WISCONSIN INTERNATIONAL UNIVERSITY COLLEGE, GHANA - MAIN LIBRARY | General Stacks | 14/08/2012 | T58.6.S7171 | 5670/12 | 14/08/2012 | 2 | 14/08/2012 | Books | |||||
| Library of Congress Classification | WISCONSIN INTERNATIONAL UNIVERSITY COLLEGE, GHANA - MAIN LIBRARY | WISCONSIN INTERNATIONAL UNIVERSITY COLLEGE, GHANA - MAIN LIBRARY | General Stacks | 14/08/2012 | T58.6.S7172 | 5671/12 | 14/08/2012 | 3 | 14/08/2012 | Books | |||||
| Library of Congress Classification | WISCONSIN INTERNATIONAL UNIVERSITY COLLEGE, GHANA - MAIN LIBRARY | WISCONSIN INTERNATIONAL UNIVERSITY COLLEGE, GHANA - MAIN LIBRARY | General Stacks | 14/08/2012 | T58.6.S7173 | 5672/12 | 14/08/2012 | 4 | 14/08/2012 | Books |
